Caperucita de ida y vuelta / (Registro nro. 14224)
[ vista simple ]
| 000 -LIDER | |
|---|---|
| fixed length control field | 00593nam a22001937a 4500 |
| 003 - IDENTIFICACDOR DE NÚMERO DE CONTROL | |
| control field | DO-SdBNP |
| 005 - DATE AND TIME OF LATEST TRANSACTION | |
| control field | 20220607135017.0 |
| 008 - ELEMENTOS DE LONGITUD FIJA | |
| fixed length control field | 220607b2008 dr |||| |||| 00| 0 spa d |
| 020 ## - ISBN | |
| International Standard Book Number | 9945130617 |
| 040 ## - FUENTE DE CATALOGACIÓN | |
| Agencia que crea de manera original el registro | BPMSU |
| Idioma de catalogación | spa |
| Agencia que realiza la transcripción | BPMSU |
| 082 ## - NÚMERO DE CLASIFICACIÓN DECIMAL DE DEWEY | |
| Classification number | C355c 2008 |
| 100 ## - ASIENTO PRINCIPAL -- NOMBRE PERSONAL | |
| Nombre personal | Castro Burdiez, Tomás |
| Fechas asociadas con el nombre | 1959- |
| 245 ## - MENCIÓN DE TITULO | |
| Título | Caperucita de ida y vuelta / |
| Mención de responsabilidad | Tomás Castro Burdiez, Marcio Veloz Maggiolo; ilustrador Grupo Collage |
| 260 ## - PUBLICACIÓN, DISTRIBUCIÓN, ETC. (PIE DE IMPRENTA) | |
| Lugar de publicación, distribución, etc | Santo Domingo: |
| Nombre del editor, distribuidor, etc. | Mediabyte |
| Fecha de publicación, distribución, etc | 2008 |
| 300 ## - DESCRIPCIÓN FÍSICA | |
| Extensión | 85,50p; |
| Otros detalles físicos | il; |
| Dimensiones | 22cm |
| 563 ## - INFORMACIÓN DE LA ENCUADERNACIÓN | |
| Nota de la encuadernación | Paginación invertida |
| 700 ## - ASIENTO SECUNDARIO -- NOMBRE PERSONAL | |
| Nombre personal | Veloz Maggiolo, Marcio |
| 942 ## - ADDED ENTRY ELEMENTS (KOHA) | |
| Source of classification or shelving scheme | Dewey Decimal Classification |
| Koha item type | Libros |
| Withdrawn status | Lost status | Source of classification or shelving scheme | Damaged status | Not for loan | Home library | Current library | Date acquired | Total Checkouts | Full call number | Date last seen | Price effective from | Koha item type |
|---|---|---|---|---|---|---|---|---|---|---|---|---|
| Dewey Decimal Classification | Biblioteca Pública Metropolitana Salomé Ureña | Biblioteca Pública Metropolitana Salomé Ureña | 06/07/2022 | C355c 2008 | 06/07/2022 | 06/07/2022 | Libros |